[Event "XV Torneo Leonardo di Bona B"]
[Site "Cutro ITA"]
[Date "2009.04.21"]
[Round "2"]
[White "Alagia, Pietro"]
[Black "Ielapi, Vito"]
[Result "0-1"]
[WhiteElo "1631"]
[BlackElo "1911"]
[PlyCount "80"]
[EventDate "2009.04.20"]

1. d4 Nf6 2. Nc3 d5 3. g3 Bf5 4. Bg2 e6 5. Nf3 Nbd7 6. O-O c6 7. Re1 h6 8. Nh4
Bh7 9. e4 g5 10. exd5 cxd5 11. Nf3 Bg7 12. Ne5 O-O 13. f4 Nxe5 14. fxe5 Nd7 15.
Nb5 Qb6 16. a4 a6 17. Na3 Nxe5 18. a5 Qa7 19. Be3 Nc6 20. c3 Nxa5 21. b4 Nc6
22. Qd2 Qb8 23. Ra2 Ne7 24. Rea1 Nf5 25. Bf2 Nd6 26. g4 Qd8 27. Qe1 Rc8 28. Bg3
Ne4 29. Bxe4 Bxe4 30. h4 gxh4 31. Bxh4 Qc7 32. Rc1 Bxd4+ 33. cxd4 Qxc1 34. Qxc1
Rxc1+ 35. Kf2 Rfc8 36. Ke3 Kg7 37. b5 f6 38. b6 Rh1 39. Bg3 Rc3+ 40. Kf2 Rf3+
0-1

[Event "XV Torneo Leonardo di Bona B"]
[Site "Cutro ITA"]
[Date "2009.04.21"]
[Round "2"]
[White "Hosseni, Raza"]
[Black "De Zerbi, Sergio"]
[Result "1-0"]
[WhiteElo "1440"]
[BlackElo "1612"]
[PlyCount "71"]
[EventDate "2009.04.20"]

1. e4 c5 2. Nf3 a6 3. Nc3 Nc6 4. d4 cxd4 5. Nxd4 e6 6. a3 Nf6 7. Be2 Be7 8. O-O
O-O 9. Bg5 Nxe4 10. Bxe7 Nxc3 11. Bxd8 Nxd1 12. Raxd1 Rxd8 13. Nxc6 bxc6 14. b3
d5 15. a4 a5 16. Rfe1 Ba6 17. Bf3 Rab8 18. Rb1 c5 19. c3 Bd3 20. Rb2 Bg6 21. b4
axb4 22. cxb4 Rxb4 23. Rxb4 cxb4 24. Bd1 Rc8 25. Bb3 Bc2 26. Rc1 d4 27. Rxc2
Rc3 28. Rxc3 bxc3 29. Bc2 g6 30. a5 f5 31. a6 e5 32. a7 e4 33. a8=Q+ Kg7 34.
Qb7+ Kh6 35. Qd7 d3 36. Bxd3 1-0

[Event "XV Torneo Leonardo di Bona B"]
[Site "Cutro ITA"]
[Date "2009.04.21"]
[Round "2"]
[White "Luvera', Filippo"]
[Black "Olivo, Paolo"]
[Result "1-0"]
[WhiteElo "1856"]
[BlackElo "1649"]
[PlyCount "44"]
[EventDate "2009.04.20"]

1. e4 c6 2. d4 d5 3. Nc3 dxe4 4. Nxe4 Bf5 5. Ng3 Bg6 6. h4 h5 7. Nf3 Nd7 8. Bd3
Bxd3 9. Qxd3 e6 10. Be3 Qa5+ 11. Bd2 Qd8 12. O-O-O Be7 13. Qe2 Ngf6 14. Kb1 Qb6
15. c4 Qa6 16. Rde1 b5 17. c5 Qb7 18. Nf5 Bf8 19. Ng5 Nxc5 20. dxc5 Nd5 21.
Nxe6 fxe6 22. Qxe6+ Be7 1-0

[Event "XV Torneo Leonardo di Bona B"]
[Site "Cutro ITA"]
[Date "2009.04.21"]
[Round "2"]
[White "Manfredi, Candido"]
[Black "Rizzuti, Pasquale"]
[Result "0-1"]
[WhiteElo "1683"]
[BlackElo "1814"]
[PlyCount "74"]
[EventDate "2009.04.20"]

1. e4 c5 2. Nf3 Nc6 3. Bb5 a6 4. Bxc6 bxc6 5. c3 d5 6. Qe2 Bg4 7. d4 cxd4 8.
cxd4 e6 9. O-O Bb4 10. Qe3 Bxf3 11. Qxf3 Qf6 12. Qd3 Ne7 13. a3 Ba5 14. b4 Bb6
15. e5 Qg6 16. Qxg6 Nxg6 17. Be3 a5 18. Nd2 a4 19. Rac1 Kd7 20. g3 Ne7 21. Nb1
Nf5 22. Rcd1 h5 23. Nc3 f6 24. Rfe1 Ke8 25. h4 fxe5 26. dxe5 d4 27. Bxd4 Nxd4
28. Kg2 Ke7 29. Ne4 Rhd8 30. Rc1 Rac8 31. Nd6 Rc7 32. Re4 Nb5 33. Nc4 Rd4 34.
Re3 Rxc4 35. Rxc4 Bxe3 36. fxe3 Nxa3 37. Rc3 Nb5 0-1

[Event "XV Torneo Leonardo di Bona B"]
[Site "Cutro ITA"]
[Date "2009.04.21"]
[Round "2"]
[White "Mercurio, Rosario"]
[Black "D'Elia, Mario Domenico"]
[Result "1-0"]
[WhiteElo "1372"]
[BlackElo "1440"]
[PlyCount "65"]
[EventDate "2009.04.20"]

1. c4 f5 2. d4 Nf6 3. Nc3 e6 4. a3 Be7 5. g3 d6 6. Bg2 O-O 7. Nf3 Qe8 8. O-O
Nbd7 9. Re1 Ng4 10. h3 Ngf6 11. e4 Nxe4 12. Nxe4 fxe4 13. Rxe4 Nf6 14. Re2 c6
15. Ng5 Qh5 16. Bd2 d5 17. Nxe6 Bxe6 18. Rxe6 Qxd1+ 19. Rxd1 Rfe8 20. c5 Kf7
21. Re5 b6 22. b4 Nd7 23. Rf5+ Bf6 24. b5 g6 25. Rf4 bxc5 26. bxc6 Nb6 27. dxc5
Nc8 28. c7 Kg7 29. Bxd5 Ne7 30. Bxa8 Rxa8 31. Rb4 Nc6 32. Rb7 Kf7 33. c8=Q+ 1-0

[Event "XV Torneo Leonardo di Bona B"]
[Site "Cutro ITA"]
[Date "2009.04.21"]
[Round "2"]
[White "Policastrese, Salvatore"]
[Black "Younis, Ayoub Mustafa"]
[Result "1-0"]
[WhiteElo "1431"]
[BlackElo "1440"]
[PlyCount "69"]
[EventDate "2009.04.20"]

1. e4 e5 2. Nf3 Nc6 3. Bb5 d6 4. h3 a6 5. Bc4 b5 6. Bd5 Bb7 7. d3 Rb8 8. Ng5
Nh6 9. a3 Ne7 10. Ba2 f6 11. Ne6 Qd7 12. Nxf8 Rxf8 13. Bxh6 gxh6 14. Qh5+ Ng6
15. Qxh6 Nf4 16. O-O d5 17. Nd2 Rg8 18. g3 Nxh3+ 19. Kg2 Nf4+ 20. Kh2 Rg6 21.
Qh4 Ne2 22. c3 dxe4 23. Nxe4 Bxe4 24. dxe4 Qd2 25. Rad1 Qg5 26. Qxg5 Rxg5 27.
Rd2 Nxg3 28. fxg3 Ke7 29. Rfd1 h5 30. Rd7+ Ke8 31. Rxc7 Kf8 32. Rdd7 f5 33. Rh7
fxe4 34. Rh8+ Rg8 35. Rxg8# 1-0

[Event "XV Torneo Leonardo di Bona B"]
[Site "Cutro ITA"]
[Date "2009.04.21"]
[Round "2"]
[White "Safari, Nasim"]
[Black "Paragliola, Gennaro"]
[Result "0-1"]
[WhiteElo "1440"]
[BlackElo "1635"]
[PlyCount "114"]
[EventDate "2009.04.20"]

1. e4 d6 2. Nc3 e5 3. Nf3 g6 4. Be2 Bg7 5. O-O Nf6 6. d4 Nbd7 7. Bg5 O-O 8. Re1
h6 9. Bh4 g5 10. Bg3 Nh5 11. Bc4 Nxg3 12. hxg3 c6 13. Qd3 Qf6 14. b4 exd4 15.
Ne2 Ne5 16. Qxd4 Nxf3+ 17. gxf3 Qxf3 18. Qe3 Qxe3 19. fxe3 Bxa1 20. Rxa1 Be6
21. Bxe6 fxe6 22. Nd4 Rf6 23. Rf1 Raf8 24. Rxf6 Rxf6 25. Kg2 Kf7 26. g4 a6 27.
c4 c5 28. bxc5 dxc5 29. e5 cxd4 30. exf6 dxe3 31. Kf3 Kxf6 32. Kxe3 Ke5 33. Kd3
Kf4 34. Kd4 e5+ 35. Kc5 e4 36. Kb6 e3 37. c5 e2 38. Kxb7 e1=Q 39. c6 Qe4 40.
Kb6 Qe6 41. Kb7 Qxg4 42. c7 Qd7 43. a4 g4 44. a5 g3 45. Kb8 g2 46. c8=Q Qxc8+
47. Kxc8 g1=Q 48. Kb7 Qf1 49. Kb6 h5 50. Kc5 h4 51. Kc6 h3 52. Kb6 h2 53. Kb7
h1=R 54. Ka7 Qb5 55. Ka8 Qc6+ 56. Ka7 Rh7+ 57. Kb8 Qe8# 0-1

[Event "XV Torneo Leonardo di Bona B"]
[Site "Cutro ITA"]
[Date "2009.04.21"]
[Round "2"]
[White "Scerra, Ezio"]
[Black "Familari, Giuseppe"]
[Result "0-1"]
[WhiteElo "1332"]
[BlackElo "1861"]
[PlyCount "66"]
[EventDate "2009.04.20"]

1. c4 b6 2. Nc3 Bb7 3. e4 c5 4. Nf3 d6 5. g3 Nf6 6. d3 g6 7. Bg2 Bg7 8. O-O Nc6
9. Re1 e6 10. a3 O-O 11. d4 cxd4 12. Nxd4 Nxd4 13. Qxd4 Nxe4 14. Rxe4 Bxd4 15.
Rxd4 Bxg2 16. Kxg2 Qc7 17. Bh6 Rfd8 18. Nb5 Qc6+ 19. Kg1 a6 20. Nc3 b5 21. Rc1
Qc5 22. Be3 Rac8 23. cxb5 axb5 24. Rb4 Qc6 25. Nxb5 Qxc1+ 26. Bxc1 Rxc1+ 27.
Kg2 d5 28. a4 e5 29. a5 d4 30. a6 d3 31. Ra4 d2 32. Nc3 Rxc3 33. bxc3 d1=Q 0-1

[Event "XV Torneo Leonardo di Bona B"]
[Site "Cutro ITA"]
[Date "2009.04.21"]
[Round "2"]
[White "Soluri, Francesco"]
[Black "Grano, Giuseppe"]
[Result "1/2-1/2"]
[WhiteElo "1500"]
[BlackElo "1706"]
[PlyCount "127"]
[EventDate "2009.04.20"]

1. c4 Nf6 2. Nc3 g6 3. e4 e5 4. Nf3 Nc6 5. d3 d6 6. Be2 Bg7 7. O-O O-O 8. a3 a6
9. Re1 Nd4 10. Nxd4 exd4 11. Nd5 Be6 12. Bg5 Bxd5 13. exd5 Qd7 14. Qd2 c6 15.
Bf3 Qc7 16. Qf4 Ne8 17. Re2 Be5 18. Qh4 Ng7 19. Rae1 Nf5 20. Qh3 c5 21. Be4 Ne7
22. Bh6 Rfe8 23. f4 Bh8 24. Qg4 Qc8 25. f5 Be5 26. Qg5 Nxf5 27. Bxf5 Qxf5 28.
Re4 Qxg5 29. Bxg5 f5 30. R4e2 Kf7 31. g3 b5 32. b3 Rab8 33. Bf4 Kf6 34. h4 h5
35. Kg2 bxc4 36. Bxe5+ Rxe5 37. Rxe5 dxe5 38. bxc4 Rb6 39. Kf3 Rb3 40. Rd1 e4+
41. Ke2 Rb2+ 42. Rd2 exd3+ 43. Kxd3 Rb3+ 44. Ke2 Rxg3 45. Kf2 Rh3 46. Re2 Rh2+
47. Kf3 Rxe2 48. Kxe2 Ke5 49. Kf3 a5 50. a4 Kf6 51. Kf4 Ke7 52. Kf3 Kf6 53. Kf4
d3 54. Ke3 g5 55. hxg5+ Kxg5 56. Kxd3 h4 57. Ke3 Kg6 58. Kf4 Kf6 59. Kf3 Ke5
60. Ke3 h3 61. Kf3 f4 62. Kf2 Kd6 63. Kf3 Ke7 64. Kf2 1/2-1/2

[Event "XV Torneo Leonardo di Bona B"]
[Site "Cutro ITA"]
[Date "2009.04.21"]
[Round "2"]
[White "Tricomi, Massimo"]
[Black "Scalise, Sandro"]
[Result "1-0"]
[WhiteElo "1882"]
[BlackElo "1586"]
[PlyCount "39"]
[EventDate "2009.04.20"]

1. d4 Nf6 2. c4 e6 3. Nc3 Bb4 4. Qc2 O-O 5. a3 Bxc3+ 6. Qxc3 d5 7. Bg5 dxc4 8.
Qxc4 Qd5 9. Qxd5 Nxd5 10. e4 f6 11. Bd2 Ne7 12. Nf3 c6 13. Bc4 Rd8 14. Rd1 b5
15. Ba2 g5 16. Ba5 Re8 17. O-O f5 18. Nxg5 fxe4 19. Nxe4 Nd5 20. Bxd5 1-0

[Event "XV Torneo Leonardo di Bona B"]
[Site "Cutro ITA"]
[Date "2009.04.21"]
[Round "2"]
[White "Violi, Vincenzo"]
[Black "Rotunno, Giuseppe"]
[Result "0-1"]
[WhiteElo "1644"]
[BlackElo "1958"]
[PlyCount "56"]
[EventDate "2009.04.20"]

1. e4 d6 2. d4 Nf6 3. Nc3 g6 4. f3 Bg7 5. Be3 c6 6. Qd2 Qa5 7. O-O-O O-O 8. Kb1
b5 9. Nd5 Qd8 10. Nxf6+ Bxf6 11. g4 e5 12. Be2 Be6 13. dxe5 dxe5 14. Qc3 Qc8
15. Bc5 Rd8 16. f4 Rxd1+ 17. Bxd1 Qd8 18. Nh3 exf4 19. e5 Qd5 20. Re1 Bh4 21.
Rf1 Na6 22. Bd6 Qxa2+ 23. Kc1 Bc4 24. Rxf4 Qa1+ 25. Kd2 Bd8 26. Bf3 Rc8 27. Bg2
c5 28. Bb7 Ba5 0-1

[Event "XV Torneo Leonardo di Bona B"]
[Site "Cutro ITA"]
[Date "2009.04.21"]
[Round "2"]
[White "Virelli, Salvatore"]
[Black "Catapano, Francesco"]
[Result "0-1"]
[WhiteElo "1467"]
[BlackElo "1772"]
[PlyCount "70"]
[EventDate "2009.04.20"]

1. e4 e6 2. d4 d5 3. Nd2 Nf6 4. e5 Nfd7 5. Ngf3 c5 6. c3 Nc6 7. Bb5 Qb6 8. Bxc6
bxc6 9. O-O cxd4 10. cxd4 c5 11. Qa4 Ba6 12. Re1 Bb5 13. Qb3 c4 14. Qc3 Ba6 15.
a3 Be7 16. Nf1 Rb8 17. Ng3 g6 18. Rb1 Bf8 19. Bd2 Bg7 20. Qb4 Qc6 21. Qc3 Rb3
22. Qc1 h6 23. Bc3 Rb8 24. Ra1 Nb6 25. Bb4 Nd7 26. Ne2 Bf8 27. Bc3 Bb5 28. Qd2
Ba4 29. Nc1 Bb3 30. Na2 Bxa2 31. Rxa2 Nb6 32. Rb1 Na4 33. Bb4 Rb7 34. Bxf8 Kxf8
35. Rc1 Rb3 0-1

[Event "XV Torneo Leonardo di Bona B"]
[Site "Cutro ITA"]
[Date "2009.04.21"]
[Round "2"]
[White "Yaqoubi, Naqib Ullah"]
[Black "Levato, Biagio"]
[Result "0-1"]
[WhiteElo "1440"]
[BlackElo "1546"]
[PlyCount "140"]
[EventDate "2009.04.20"]

1. e4 c5 2. Nc3 e6 3. d3 a6 4. Nf3 Nc6 5. Be3 Nf6 6. Bg5 Be7 7. h3 O-O 8. a3 d5
9. e5 Nd7 10. Bf4 b5 11. Be2 Qc7 12. O-O Ndxe5 13. Nxe5 Nxe5 14. Qd2 Bd6 15. g3
Bb7 16. d4 cxd4 17. Qxd4 f6 18. Rae1 Bc5 19. Qd2 Qc6 20. Kh2 Rad8 21. Rg1 d4
22. Ref1 dxc3 23. Qxc3 Qb6 24. Qe1 Bf3 25. b4 Bxe2 26. Qxe2 Bd4 27. Rg2 Nc4 28.
Qg4 f5 29. Qf3 e5 30. Bg5 Rd7 31. Rd1 Qb7 32. Qb3 Kh8 33. c3 Ba7 34. a4 Rxd1
35. Qxd1 Nb2 36. Qc2 Nxa4 37. c4 h6 38. Bd2 Bd4 39. cxb5 Qxb5 40. f3 Nb6 41. g4
fxg4 42. Rxg4 Qe2+ 43. Rg2 Qxf3 44. Qc7 Qf6 45. Qb7 Nc4 46. Bc1 Ne3 47. Bxe3
Bxe3 48. Qe4 Qf4+ 49. Qxf4 exf4 50. Re2 Rd8 51. Kg2 Rd2 52. Kf3 Rxe2 53. Kxe2
g5 54. Kf3 Bd2 55. Kg4 Bxb4 56. h4 a5 57. hxg5 a4 58. g6 a3 59. Kf5 a2 60. Kf6
a1=Q+ 61. Kf7 Qg7+ 62. Ke6 Qxg6+ 63. Ke5 Bd6+ 64. Kd4 Qf5 65. Kc3 Qe4 66. Kd2
Qe3+ 67. Kc2 Bb4 68. Kb2 Kg7 69. Kc2 Kf6 70. Kd1 Qd2# 0-1

[Event "XV Torneo Leonardo di Bona B"]
[Site "Cutro ITA"]
[Date "2009.04.21"]
[Round "2"]
[White "Zavaglia, Giuseppe"]
[Black "Rametta, Marcello"]
[Result "0-1"]
[WhiteElo "1925"]
[BlackElo "1738"]
[PlyCount "98"]
[EventDate "2009.04.20"]

1. e4 c5 2. Nf3 Nc6 3. c3 e6 4. d4 cxd4 5. cxd4 Nf6 6. Nc3 d5 7. e5 Ne4 8. Bd3
Bb4 9. Qc2 Qa5 10. Bd2 Nxd2 11. Qxd2 Bd7 12. O-O O-O 13. Rac1 h6 14. a3 Bxc3
15. Rxc3 Kh8 16. b4 Qb6 17. Bc2 Ne7 18. Rc1 Rac8 19. Rc5 Rxc5 20. bxc5 Qa6 21.
Qb4 Nc6 22. Qc3 b6 23. Bd3 Qb7 24. Rb1 Rc8 25. a4 Qa8 26. Ba6 Rc7 27. cxb6 axb6
28. Rxb6 Qa7 29. Qc5 Nxe5 30. Qf8+ Kh7 31. Nxe5 Qxa6 32. Rb1 Qb7 33. Rf1 Bxa4
34. h4 f6 35. Nf3 Bc2 36. h5 Be4 37. Nh4 Qb2 38. Qd6 Rc1 39. Rxc1 Qxc1+ 40. Kh2
Qg5 41. g3 Qxh5 42. Qxe6 Qe2 43. Ng2 Qxf2 44. Qh3 Qxd4 45. Qg4 Qb2 46. Qh3 d4
47. Kg1 d3 48. Ne3 Qc1+ 49. Kf2 Qd2+ 0-1

[Event "XV Torneo Leonardo di Bona B"]
[Site "Cutro ITA"]
[Date "2009.04.22"]
[Round "3"]
[White "Alagia, Pietro"]
[Black "Scerra, Ezio"]
[Result "1-0"]
[WhiteElo "1631"]
[BlackElo "1332"]
[PlyCount "79"]
[EventDate "2009.04.20"]

1. d4 g6 2. Nc3 Bg7 3. g3 c5 4. d5 d6 5. Bg2 Nf6 6. e4 Nbd7 7. Nge2 Ne5 8. O-O
O-O 9. f4 Nc4 10. b3 Nb6 11. Bb2 Ng4 12. Rf3 e5 13. dxe6 Bxe6 14. h3 Nf6 15.
Nb5 d5 16. Rd3 Qd7 17. exd5 Bxd5 18. c4 Rfd8 19. Nbc3 Qf5 20. Nxd5 Nbxd5 21.
cxd5 Rd6 22. Be5 Ne8 23. g4 Qd7 24. Qe1 g5 25. Rad1 Ra6 26. Bxg7 Nxg7 27. R3d2
Rd6 28. fxg5 Re8 29. Qf2 Re5 30. Nc3 b6 31. Ne4 Ne8 32. Nf6+ Nxf6 33. gxf6 Rg5
34. Qg3 Rxf6 35. Be4 Rd6 36. Bxh7+ Kxh7 37. Qh4+ Kg6 38. Qh8 Rxg4+ 39. hxg4
Qxg4+ 40. Rg2 1-0

[Event "XV Torneo Leonardo di Bona B"]
[Site "Cutro ITA"]
[Date "2009.04.22"]
[Round "3"]
[White "Camposano, Antonio"]
[Black "Safari, Nasim"]
[Result "1-0"]
[WhiteElo "1359"]
[BlackElo "1440"]
[PlyCount "137"]
[EventDate "2009.04.20"]

1. d4 d6 2. h3 Nf6 3. Nf3 Nc6 4. Bg5 e6 5. Bxf6 Qxf6 6. e3 a6 7. c3 d5 8. Bd3
Bd7 9. O-O Bd6 10. Nbd2 g6 11. Re1 O-O 12. a3 Rfe8 13. e4 dxe4 14. Nxe4 Qg7 15.
Nxd6 cxd6 16. Qb3 Rab8 17. Qa4 Re7 18. Qc2 a5 19. a4 f5 20. Bc4 Qf6 21. d5 exd5
22. Bxd5+ Kh8 23. Bxc6 Bxc6 24. Rxe7 Qxe7 25. Re1 Qd7 26. Nd4 Re8 27. Rxe8+
Qxe8 28. Nxc6 bxc6 29. Qd2 Qe5 30. Qe3 Qxe3 31. fxe3 c5 32. Kf2 Kg7 33. Ke2 c4
34. Kf3 g5 35. e4 Kf6 36. exf5 Kxf5 37. g4+ Ke5 38. Ke3 d5 39. Kf3 d4 40. cxd4+
Kxd4 41. Ke2 Kc5 42. Ke3 h6 43. Ke4 Kb4 44. Kd4 Kb3 45. Kc5 Kxb2 46. Kxc4 Kc2
47. Kb5 Kd3 48. Kxa5 Ke3 49. Kb5 Kf3 50. a5 Kg3 51. a6 Kxh3 52. a7 Kxg4 53.
a8=Q Kh4 54. Qe4+ g4 55. Qh1+ Kg5 56. Qc1+ Kh4 57. Qh1+ Kg3 58. Qxh6 Kf3 59.
Qh1+ Kf4 60. Qf1+ Kg5 61. Qf2 Kh5 62. Kc5 Kg5 63. Kd4 Kh5 64. Ke4 Kg6 65. Qf5+
Kh6 66. Qxg4 Kh7 67. Kf5 Kh8 68. Kf6 Kh7 69. Qg7# 1-0

[Event "XV Torneo Leonardo di Bona B"]
[Site "Cutro ITA"]
[Date "2009.04.22"]
[Round "3"]
[White "Catapano, Francesco"]
[Black "Hosseni, Raza"]
[Result "1-0"]
[WhiteElo "1772"]
[BlackElo "1440"]
[PlyCount "49"]
[EventDate "2009.04.20"]

1. Nf3 Nf6 2. g3 c5 3. Bg2 Nc6 4. O-O e6 5. d3 Be7 6. e4 d6 7. c3 O-O 8. Qe2
Re8 9. Nbd2 Bd7 10. a4 a6 11. e5 dxe5 12. Nxe5 Nxe5 13. Qxe5 Bc6 14. Qe2 Rb8
15. Rd1 b5 16. axb5 axb5 17. Ne4 Bb7 18. Bf4 Rc8 19. Nxf6+ Bxf6 20. Bxb7 Qb6
21. Bxc8 Rxc8 22. Qe4 c4 23. Ra8 Rxa8 24. Qxa8+ Bd8 25. dxc4 1-0

[Event "XV Torneo Leonardo di Bona B"]
[Site "Cutro ITA"]
[Date "2009.04.22"]
[Round "3"]
[White "D'Elia, Mario Domenico"]
[Black "Yaqoubi, Naqib Ullah"]
[Result "0-1"]
[WhiteElo "1440"]
[BlackElo "1440"]
[PlyCount "106"]
[EventDate "2009.04.20"]

1. f4 d5 2. Nf3 Nf6 3. e3 a6 4. b3 Nc6 5. Bb2 e6 6. Be2 Be7 7. O-O O-O 8. a3
Bc5 9. d4 Bd6 10. Qe1 Ne7 11. Bd3 Ng6 12. Nbd2 Re8 13. Ne5 Nf8 14. Qg3 Nh5 15.
Qh3 Nf6 16. g4 N6d7 17. Ndf3 Nxe5 18. dxe5 Be7 19. g5 c6 20. Rae1 c5 21. Rd1 b5
22. c4 Ng6 23. Qh5 Nf8 24. cxb5 Qb6 25. a4 axb5 26. Bxb5 Rd8 27. Rd3 Ba6 28.
Bxa6 Rxa6 29. Rf2 c4 30. Bd4 Qb7 31. bxc4 Qb1+ 32. Ne1 Qxe1+ 33. Kg2 dxc4 34.
Rd1 Qb4 35. Rb2 Qxa4 36. Qe2 Qc6+ 37. Kg3 c3 38. Rc2 Ra3 39. h4 Rc8 40. Rb1 Nd7
41. h5 Bc5 42. g6 Bxd4 43. exd4 fxg6 44. hxg6 hxg6 45. Qg4 Nf8 46. Qe2 Qa4 47.
Qd3 Ra1 48. Rxa1 Qxa1 49. Qe3 Qb1 50. Qf2 Qb4 51. Kf3 Rc4 52. Ke4 Qb5 53. Qe2
Qd5+ 0-1

[Event "XV Torneo Leonardo di Bona B"]
[Site "Cutro ITA"]
[Date "2009.04.22"]
[Round "3"]
[White "Familari, Giuseppe"]
[Black "Paragliola, Gennaro"]
[Result "1-0"]
[WhiteElo "1861"]
[BlackElo "1635"]
[PlyCount "61"]
[EventDate "2009.04.20"]

1. d4 Nf6 2. c4 d6 3. Nc3 g6 4. e4 Bg7 5. f3 O-O 6. Be3 e5 7. Nge2 exd4 8. Nxd4
Nbd7 9. Qd2 Re8 10. O-O-O a5 11. h4 h5 12. Be2 Ne5 13. Bg5 b6 14. Nd5 Ba6 15.
Kb1 c6 16. Ne3 Qc7 17. Bxf6 Bxf6 18. g4 Rab8 19. gxh5 b5 20. cxb5 Bxb5 21. Bxb5
cxb5 22. Nd5 Qd8 23. hxg6 fxg6 24. Qg2 Kf7 25. f4 Nc4 26. Nc6 Qc8 27. Nxb8 Qxb8
28. Nxf6 Kxf6 29. Qg5+ Kf7 30. h5 Rg8 31. hxg6+ 1-0

[Event "XV Torneo Leonardo di Bona B"]
[Site "Cutro ITA"]
[Date "2009.04.22"]
[Round "3"]
[White "Grano, Giuseppe"]
[Black "Tricomi, Massimo"]
[Result "0-1"]
[WhiteElo "1706"]
[BlackElo "1882"]
[PlyCount "92"]
[EventDate "2009.04.20"]

1. e4 Nf6 2. Nc3 d5 3. exd5 Nxd5 4. Nxd5 Qxd5 5. Nf3 Nc6 6. d4 Bg4 7. Be2 O-O-O
8. c3 e5 9. Be3 exd4 10. Bxd4 Nxd4 11. Qxd4 Bxf3 12. Bxf3 Qxd4 13. cxd4 Bb4+
14. Kf1 Rxd4 15. a3 Bc5 16. g3 Rd2 17. Be2 Rxb2 18. f4 Re8 19. Re1 Kb8 20. h4
Bxa3 21. Bd3 Rxe1+ 22. Kxe1 h6 23. g4 Bb4+ 24. Kf1 a5 25. g5 a4 26. gxh6 gxh6
27. Be2 Rb1+ 28. Kg2 Rxh1 29. Kxh1 a3 30. Bc4 f5 31. Kg2 Bd2 32. Kf3 b5 33. Bb3
c5 34. Ke2 Bxf4 35. Kd1 Be3 36. h5 f4 37. Bd5 Kc7 38. Kc2 Kd6 39. Bg2 Ke5 40.
Bf1 c4 41. Be2 Kd4 42. Bd1 b4 43. Kb1 Kc3 44. Be2 b3 45. Bxc4 Kxc4 46. Ka1 Bd4+
0-1

[Event "XV Torneo Leonardo di Bona B"]
[Site "Cutro ITA"]
[Date "2009.04.22"]
[Round "3"]
[White "Ielapi, Vito"]
[Black "Rizzuti, Pasquale"]
[Result "1-0"]
[WhiteElo "1911"]
[BlackElo "1814"]
[PlyCount "99"]
[EventDate "2009.04.20"]

1. d4 Nf6 2. Nf3 d5 3. e3 g6 4. Bd3 Bg7 5. Nbd2 Nbd7 6. O-O O-O 7. e4 dxe4 8.
Nxe4 Nxe4 9. Bxe4 Nf6 10. Bd3 Bg4 11. h3 Bxf3 12. Qxf3 Qd5 13. Qe3 Rfe8 14. c4
Qd7 15. Be2 Rad8 16. Rd1 c6 17. b3 e6 18. Bb2 Qe7 19. Rd3 b5 20. Rad1 a6 21.
R3d2 Qb7 22. Qf3 bxc4 23. d5 exd5 24. Bxf6 Bxf6 25. Qxf6 cxb3 26. axb3 Rb8 27.
Rc1 Re6 28. Qc3 Rbe8 29. Bf1 Qb6 30. Ra2 d4 31. Qd2 Ra8 32. Bc4 Re5 33. Qd3 a5
34. Rd1 c5 35. Bxf7+ Kg7 36. Re2 Qc7 37. Rxe5 Qxe5 38. Bc4 a4 39. Ra1 a3 40.
Qe2 Qf6 41. Qf3 Qd8 42. h4 Ra7 43. h5 Qd6 44. hxg6 hxg6 45. Qd5 Qf8 46. Qe5+
Kh6 47. g3 Qc8 48. Kg2 Qh3+ 49. Kxh3 a2 50. Kg4 1-0

[Event "XV Torneo Leonardo di Bona B"]
[Site "Cutro ITA"]
[Date "2009.04.22"]
[Round "3"]
[White "Levato, Biagio"]
[Black "Manfredi, Candido"]
[Result "0-1"]
[WhiteElo "1546"]
[BlackElo "1683"]
[PlyCount "86"]
[EventDate "2009.04.20"]

1. e4 c5 2. Nf3 Nc6 3. d3 d6 4. g3 Bg4 5. Bg2 Nd4 6. Nbd2 e5 7. O-O Qd7 8. c3
Nc6 9. Nc4 a6 10. Nb6 Qd8 11. Nxa8 Qxa8 12. Qb3 h6 13. h3 Be6 14. Qc2 Qc8 15.
Kh2 Be7 16. Nd2 Nf6 17. a4 O-O 18. b3 Nh7 19. Nc4 f5 20. f4 exf4 21. Bxf4 Qd8
22. Rad1 d5 23. Ne5 Nxe5 24. Bxe5 b6 25. Qe2 Ng5 26. Bf4 Nf7 27. exf5 Bxf5 28.
Bc1 Bg6 29. Qe6 Kh7 30. Qxd5 Bf6 31. Qxd8 Rxd8 32. d4 Bc2 33. Rd2 Bxb3 34. Bc6
Bg5 35. Rb2 Bc4 36. Rd1 cxd4 37. cxd4 b5 38. axb5 axb5 39. Bxg5 Nxg5 40. Bxb5
Bxb5 41. Rxb5 Nf3+ 42. Kh1 Re8 43. d5 Re2 0-1

[Event "XV Torneo Leonardo di Bona B"]
[Site "Cutro ITA"]
[Date "2009.04.22"]
[Round "3"]
[White "Olivo, Paolo"]
[Black "Mercurio, Rosario"]
[Result "0-1"]
[WhiteElo "1649"]
[BlackElo "1372"]
[PlyCount "78"]
[EventDate "2009.04.20"]

1. e4 e6 2. d4 d5 3. Nc3 Bb4 4. e5 c5 5. a3 Bxc3+ 6. bxc3 cxd4 7. cxd4 Nc6 8.
c3 Nge7 9. Bd3 O-O 10. Qg4 f5 11. exf6 Rxf6 12. Bg5 e5 13. Qg3 Re6 14. Ne2 exd4
15. O-O Ne5 16. Bf5 Nxf5 17. Bxd8 Nxg3 18. fxg3 Nf3+ 19. gxf3 Rxe2 20. Rf2 Rxf2
21. Kxf2 Bh3 22. Ba5 b6 23. Bb4 a5 24. Bd6 dxc3 25. g4 c2 26. Rc1 Rc8 27. Bf4
d4 28. Kg3 Rc3 29. a4 h5 30. Kxh3 Rxf3+ 31. Kh4 Rxf4 32. Rxc2 Rxg4+ 33. Kxh5 d3
34. Rd2 Rxa4 35. Rxd3 Rf4 36. h3 Kh7 37. Kg5 Rf6 38. h4 b5 39. Rd5 Rb6 0-1

[Event "XV Torneo Leonardo di Bona B"]
[Site "Cutro ITA"]
[Date "2009.04.22"]
[Round "3"]
[White "Policastrese, Salvatore"]
[Black "Violi, Vincenzo"]
[Result "0-1"]
[WhiteElo "1431"]
[BlackElo "1644"]
[PlyCount "54"]
[EventDate "2009.04.20"]

1. e4 c5 2. Nf3 d6 3. h3 Nf6 4. Nc3 a6 5. Bc4 e6 6. O-O b5 7. Bb3 c4 8. Bxc4
bxc4 9. d3 cxd3 10. cxd3 Be7 11. d4 Bb7 12. Re1 O-O 13. Qc2 Nbd7 14. Re3 Rc8
15. Bd2 Nb6 16. b3 Nxe4 17. Rxe4 Bxe4 18. Qxe4 d5 19. Qg4 Bb4 20. Bh6 Qf6 21.
Ne2 Qxh6 22. Nf4 Nd7 23. Nh5 Nf6 24. Nxf6+ Qxf6 25. Qh5 Rc2 26. g4 Bc3 27. Rd1
Qxf3 0-1

[Event "XV Torneo Leonardo di Bona B"]
[Site "Cutro ITA"]
[Date "2009.04.22"]
[Round "3"]
[White "Rametta, Marcello"]
[Black "Soluri, Francesco"]
[Result "1/2-1/2"]
[WhiteElo "1738"]
[BlackElo "1500"]
[PlyCount "128"]
[EventDate "2009.04.20"]

1. e4 c5 2. c3 d6 3. Bd3 Nc6 4. Nf3 Nf6 5. h3 Bd7 6. Bc2 e5 7. O-O Be7 8. Re1
O-O 9. a3 a5 10. d4 Qc7 11. d5 Na7 12. Nbd2 b5 13. Nf1 Nc8 14. Ng3 Nb6 15. Nh4
Rfe8 16. Nhf5 Bf8 17. Bg5 Qd8 18. Nh5 Bxf5 19. Bxf6 gxf6 20. exf5 Bh6 21. Re4
Kh8 22. Rg4 Rg8 23. Rxg8+ Kxg8 24. Qd3 c4 25. Qg3+ Kh8 26. Re1 Nd7 27. Re4 Qe7
28. Rg4 Rf8 29. b3 cxb3 30. Bxb3 Qd8 31. c4 a4 32. Ba2 bxc4 33. Bxc4 Nc5 34.
Bb5 Qa5 35. Bc6 Qe1+ 36. Kh2 Ne4 37. Qf3 Nxf2 38. Rxa4 e4 39. Rxe4 Nxe4 40. a4
Nf2 41. g4 Qh1+ 42. Qxh1 Nxh1 43. Kxh1 Bg7 44. a5 Rb8 45. a6 Rb1+ 46. Kg2 Ra1
47. Bb7 Kg8 48. Kf3 Kf8 49. Ke4 Ra4+ 50. Kd3 Bh8 51. Kc3 Ke7 52. Kb3 Ra1 53.
Ng3 Bg7 54. Ne4 Bh6 55. Kb4 Be3 56. Kb5 h6 57. Nc3 Rh1 58. Na4 Rb1+ 59. Kc4 Ba7
60. Nc3 Rc1 61. Kd3 Ra1 62. Nb5 Bc5 63. Ke2 Ra5 64. Nc3 Ra3 1/2-1/2

[Event "XV Torneo Leonardo di Bona B"]
[Site "Cutro ITA"]
[Date "2009.04.22"]
[Round "3"]
[White "Rotunno, Giuseppe"]
[Black "Luvera', Filippo"]
[Result "1-0"]
[WhiteElo "1958"]
[BlackElo "1856"]
[PlyCount "121"]
[EventDate "2009.04.20"]

1. d4 Nf6 2. Nf3 e6 3. Bg5 Be7 4. e3 b6 5. Bd3 Bb7 6. O-O O-O 7. c4 Ne4 8. Bxe7
Qxe7 9. Nc3 Nxc3 10. bxc3 d6 11. Nd2 Nd7 12. Qc2 Nf6 13. e4 h6 14. Rae1 e5 15.
f4 c5 16. fxe5 dxe5 17. dxe5 Qxe5 18. Rf5 Qc7 19. e5 Rae8 20. Qd1 Nd7 21. e6
Rxe6 22. Rxe6 fxe6 23. Rxf8+ Kxf8 24. Qf1+ Nf6 25. Qe2 Qd6 26. Nf3 Nd7 27. h3
Ke7 28. Kh1 g5 29. Bc2 Qf4 30. Qd3 Bxf3 31. gxf3 Ne5 32. Qh7+ Kd6 33. Be4 Qg3
34. Qxh6 Nxf3 35. Qf8+ Kd7 36. Qf7+ Kd6 37. Qf8+ Kd7 38. Qxf3 Qe1+ 39. Kg2 Qd2+
40. Kg3 Qe1+ 41. Kg2 Qd2+ 42. Kf1 Qxa2 43. Qd3+ Ke7 44. Bc6 a5 45. Qh7+ Kd6 46.
Qd7+ Ke5 47. Qd3 a4 48. Bd7 Qa1+ 49. Kf2 Kf6 50. Qe2 e5 51. Qc2 a3 52. Qf5+ Ke7
53. Qe6+ Kd8 54. Qe8+ Kc7 55. Qc8+ Kd6 56. Be6 Qb2+ 57. Kf3 Qxc3+ 58. Kg4 Qd4+
59. Kf5 Qd3+ 60. Kf6 Qh7 61. Qd8+ 1-0